000
00487nam a2200133Ia 4500
008
100328s9999 xx 000 0 und d
082
_b
54183
100
_a
आपटे आ.स.
245
_a
रेडिओचे अंतरंग व कार्यपदती
260
_b
उदयम
630
_a
रेडिओचे अंतरंग व कार्यपदती
730
_a
रेडिओचे अंतरंग व कार्यपदती
942
_c
BOOK
999
_c
540906
_d
540903